000 00969nam a22002417a 4500
999 _c62589
_d62589
003 Ge_BSU
005 20241212143800.0
008 241212s2024 ge ||||| |||| 00| 0 geo d
020 _a9789941362309
041 _ageo
080 _a37.014.1 : 34 ლ-81
100 _aლომინაშვილი, დავით
_923961
245 _aზოგადი განათლების სამართალი /
_cდავით ლომინაშვილი; რედ. მ. გურგენიძე; თსუ.
250 _aპირველი გამოცემა
264 _aთბილისი :
_bთსუ,
_c2024.
300 _a288 გვ.;
_b21 სმ.
653 _aგანათლება
653 _aსამართალი
700 _aგურგენიძე, მ.
_eრედაქტორი
_923962
710 _aთსუ
_923963
773 _tნაჩუქარი
942 _2udc
_cᲬᲘᲒᲜᲘ